banner-ar

THE BIBLIOTHECA ALEXANDRINA LIBRARIES (Record no. 5741)

MARC details
000 -الفاتح
حقل البيانات ثابتة الطول 00455nam a2200169Ia 4500
008 - عناصر البيانات ثابتة الطول - معلومات عامة
حقل البيانات ثابتة الطول 140319s9999 xx 000 0 eng d
040 ## - مصدر الفهرسة
وكالة الفهرسة الأصلية GCL /
وكالة النسخ GCL
082 04 - رقم تصنيف ديوى العشرى
رقم التصنيف CC
رقم المادة 027.4962
-- B B
245 10 - بيان العنوان
العنوان THE BIBLIOTHECA ALEXANDRINA LIBRARIES
300 ## - الوصف المادى
التعداد 20 CM ؛
أبعاد الوعاء 30 P
650 04 - المدخل الاضافى بالموضوع-مصطلح موضوعى
مصطلح موضوعي ALEXANDRIA LIBRARY
650 04 - المدخل الاضافى بالموضوع-مصطلح موضوعى
مصطلح موضوعي LIBRARIES - PUBLIC
650 04 - المدخل الاضافى بالموضوع-مصطلح موضوعى
مصطلح موضوعي LIBRARIES - EGYPT
942 ## - عناصر المدخل الإضافي( كوها)
مصدر التصنيف او مخطط الترفيف Dewey Decimal Classification
Koha [default] item type كتاب
260 ## - PUBLICATION, DISTRIBUTION, ETC. (IMPRINT)
-- القاهرة :
-- LIBRARY OF ALEXANDRIA
Holdings
حالة التراجع حالة الفقد حالة تلف ليس للاعارة المكان المؤقت الموقع الحالى تاريخ الاكتساب اجمالي اﻻعارات رقم الطلب الباركود تاريخ اخر مشاهدة تاريخ تفعيل السعر نوع وعاء كوها
        مكتبة القاهرة الكبرى مكتبة القاهرة الكبرى 03/26/2014   CC\027.4962\B B 12169 03/26/2014 03/26/2014 كتاب

Powered By

EGPV